00492nam a22001097a 4500082001200000100009200012245011000104260008100214300001400295536005400309700001900363 aRG.0241 aGaan, NiharikauManagement Development Institute MurshidabadvMurshidabad - West Bengal aGender Violence :bCaste, Ethnicity, Religion and Regional Dimensions /c Niharika Gaan and Bony Dasgupta aMurshidabad, West Bengal:bIndian Council of Social Science Research, c2015 aVI, 235p. aIndian Council of Social Science Research (ICSSR) aDasgupta, Bony